Matemática 6º año básico: cuaderno de ejercicios
Guardat en:
| Autor principal: | |
|---|---|
| Format: | Llibre |
| Idioma: | espanyol |
| Publicat: |
Santiago
Mare Nostrum
2004
|
| Edició: | 1a. ed |
| Matèries: | |
| Etiquetes: |
Afegir etiqueta
Sense etiquetes, Sigues el primer a etiquetar aquest registre!
|
MARC
| LEADER | 00000nam a2200000 a 4500 | ||
|---|---|---|---|
| 001 | UCH6186 | ||
| 003 | CL-VaPUC | ||
| 008 | 091109e20040000CL |||||||||||||||||spa|d | ||
| 020 | |a 9562940578 | ||
| 082 | 0 | 4 | |a 372.7 |b GON |2 21 |
| 100 | |a González Cartagena, Gabriel |e author |9 542580 | ||
| 245 | 1 | 0 | |a Matemática 6º año básico: cuaderno de ejercicios |
| 250 | |a 1a. ed | ||
| 300 | |a 120 p | ||
| 942 | |c BK | ||
| 945 | |d 20091109 00:00:00 |a lazolas | ||
| 260 | |a Santiago |b Mare Nostrum |c 2004 | ||
| 650 | 0 | |a Matemática |9 260235 | |
| 650 | 0 | |a Educación básica |9 224933 | |
| 650 | 0 | |a Matemáticas |x Enseñanza |9 875527 | |
| 650 | 0 | |a Libros de texto |9 270019 | |
| 583 | |a last modification |c 20170821 03:54:28 |k Rodrigo Vera | ||
| 999 | |c 337125 |d 337123 | ||